000 01528cam a2200361 i 4500
001 15637683
003 EG-ScBUE
005 20241030094216.0
008 090225t2009 nyua f 001 0 eng d
020 _a9780071615693 (alk. paper)
020 _a0071615695 (alk. paper)
035 _a(OCoLC)ocn244060715
040 _aDLC
_beng
_erda
_cDLC
_dYDX
_dBTCTA
_dBAKER
_dYDXCP
_dORX
_dVP@
_dIXA
_dFER
_dDLC
_dEG-ScBUE
082 0 4 _a515.9
_bCOM
_222
245 0 0 _aComplex variables :
_bwith an introduction to conformal mapping and its applications /
_cMurray R. Spiegel, Ph.D., former professor and chairman, Mathematics Department, Rensselaer Polytechnic Institute, Hartford Graduate Center. []
250 _aSecond edition.
264 1 _aNew York :
_bMcGraw-Hill Companies,
_c[2009]
264 4 _cc2009
300 _aix, 374 pages :
_billustrations ;
_c28 cm.
336 _2rdacontent
_atext
_btxt
337 _aunmediated
_2rdamedia
_bn
338 _avolume
_bnc
_2rdacarrier
490 0 _aSchaum's outline series
500 _aIncludes index.
500 _aUse with these courses : -Complex Variables-Complex Analsis-Mathematics of Complex Variables-Theory of Functions of Complex Variables-Complex Variables Theory Application of Complex Variables.
650 7 _aFunctions of complex variables.
_2BUEsh
650 7 _aFunctions of several complex variables.
_2BUEsh
651 _2BUEsh
653 _bENGELC
_cApril2016
655 _vReading book
_934232
700 1 _92617
_aSpiegel, Murray R.,
_eauthor.
942 _2ddc
_cBB
999 _c21618
_d21590